Public employment in ... /

Bibliographic Details
Uniform Title:Public employment in (Quarterly)
Corporate Author: United States. Bureau of the Census
Format: Government Document Journal
Language:English
Published: [Washington, D.C.?] : The Bureau.
Series:Government employment.
Subjects:

MARC

Tag First Indicator Second Indicator Subfields
LEADER 00000cas a2200000 a 4500
001 in00002522321
005 20151111075901.0
008 860918c19uu9999dcuqr p f0 a0eng d
010 |a sn 86036609  
035 |a (OCoLC)ocm14232195 
040 |a CLU  |c CLU  |d OCL  |d OCLCQ  |d UtOrBLW 
043 |a n-us--- 
049 |a TXAM 
050 4 |a HD5713.6.U54  |b P81 
086 0 |a C 3.140: 
130 0 |a Public employment in (Quarterly) 
245 1 0 |a Public employment in ... /  |c Department of Commerce, Bureau of the Census. 
264 1 |a [Washington, D.C.?] :  |b The Bureau. 
300 |a volumes :  |b illustrations ;  |c 29 cm. 
310 |a Quarterly 
336 |a text  |b txt  |2 rdacontent 
337 |a unmediated  |b n  |2 rdamedia 
338 |a volume  |b nc  |2 rdacarrier 
490 1 |a Government employment 
500 |a Description based on: Jan. 1944; title from caption. 
500 |a Latest issue consulted: Jan. 1955. 
650 0 |a Public service employment  |z United States  |v Statistics  |v Periodicals. 
710 1 |a United States.  |b Bureau of the Census. 
830 0 |a Government employment. 
850 |a CLU 
994 |a C0  |b TXA 
948 |a cataloged  |b h  |c 2009/10/14  |d c  |e coplinger  |f 12:47:09 pm 
999 |a MARS 
999 f f |s 9a18be8d-e297-3725-9e8f-c005ec65e789  |i 0570691b-aa47-3e7c-b8c6-73a70610ddfb  |t 0 
952 f f |p serial  |a Texas A&M University  |b College Station  |c Sterling C. Evans Library  |d Evans: US Documents (Annex 5th floor)  |t 0  |e C 3.140:  |h Superintendent of Documents classification  |i unmediated -- volume  |k 1954:July  |m A14837686981 
952 f f |p serial  |a Texas A&M University  |b College Station  |c Sterling C. Evans Library  |d Evans: US Documents (Annex 5th floor)  |t 0  |e C 3.140:  |h Superintendent of Documents classification  |i unmediated -- volume  |k 1954  |m A14837687026 
952 f f |p serial  |a Texas A&M University  |b College Station  |c Sterling C. Evans Library  |d Evans: US Documents (Annex 5th floor)  |t 0  |e C 3.140:  |h Superintendent of Documents classification  |i unmediated -- volume  |k 1952:July  |m A14837686703 
952 f f |p serial  |a Texas A&M University  |b College Station  |c Sterling C. Evans Library  |d Evans: US Documents (Annex 5th floor)  |t 0  |e C 3.140:  |h Superintendent of Documents classification  |i unmediated -- volume  |k 1949:Apr.  |m A14837686389 
952 f f |p serial  |a Texas A&M University  |b College Station  |c Sterling C. Evans Library  |d Evans: US Documents (Annex 5th floor)  |t 0  |e C 3.140:  |h Superintendent of Documents classification  |i unmediated -- volume  |k 1953:Oct.  |m A14837687018 
952 f f |p serial  |a Texas A&M University  |b College Station  |c Sterling C. Evans Library  |d Evans: US Documents (Annex 5th floor)  |t 0  |e C 3.140:  |h Superintendent of Documents classification  |i unmediated -- volume  |k 1950:Oct.  |m A14837686622 
952 f f |p serial  |a Texas A&M University  |b College Station  |c Sterling C. Evans Library  |d Evans: US Documents (Annex 5th floor)  |t 0  |e C 3.140:  |h Superintendent of Documents classification  |i unmediated -- volume  |k 1951:Apr.  |m A14837687173 
952 f f |p serial  |a Texas A&M University  |b College Station  |c Sterling C. Evans Library  |d Evans: US Documents (Annex 5th floor)  |t 0  |e C 3.140:  |h Superintendent of Documents classification  |i unmediated -- volume  |k 1950:July  |m A14837686583 
952 f f |p serial  |a Texas A&M University  |b College Station  |c Sterling C. Evans Library  |d Evans: US Documents (Annex 5th floor)  |t 0  |e C 3.140:  |h Superintendent of Documents classification  |i unmediated -- volume  |k 1949:Jan.  |m A14837686347 
952 f f |p serial  |a Texas A&M University  |b College Station  |c Sterling C. Evans Library  |d Evans: US Documents (Annex 5th floor)  |t 0  |e C 3.140:  |h Superintendent of Documents classification  |i unmediated -- volume  |k 1953:July  |m A14837687068 
952 f f |p serial  |a Texas A&M University  |b College Station  |c Sterling C. Evans Library  |d Evans: US Documents (Annex 5th floor)  |t 0  |e C 3.140:  |h Superintendent of Documents classification  |i unmediated -- volume  |k 1954:Oct.  |m A14837686931 
952 f f |p serial  |a Texas A&M University  |b College Station  |c Sterling C. Evans Library  |d Evans: US Documents (Annex 5th floor)  |t 0  |e C 3.140:  |h Superintendent of Documents classification  |i unmediated -- volume  |k 1952:Oct.  |m A14837687092 
952 f f |p serial  |a Texas A&M University  |b College Station  |c Sterling C. Evans Library  |d Evans: US Documents (Annex 5th floor)  |t 0  |e C 3.140:  |h Superintendent of Documents classification  |i unmediated -- volume  |k 1953:Jan.  |m A14837687107 
952 f f |p serial  |a Texas A&M University  |b College Station  |c Sterling C. Evans Library  |d Evans: US Documents (Annex 5th floor)  |t 0  |e C 3.140:  |h Superintendent of Documents classification  |i unmediated -- volume  |k 1952:Apr.  |m A14837687149 
952 f f |p serial  |a Texas A&M University  |b College Station  |c Sterling C. Evans Library  |d Evans: US Documents (Annex 5th floor)  |t 0  |e C 3.140:  |h Superintendent of Documents classification  |i unmediated -- volume  |k 1950:Apr.  |m A14837686541 
952 f f |p serial  |a Texas A&M University  |b College Station  |c Sterling C. Evans Library  |d Evans: US Documents (Annex 5th floor)  |t 0  |e C 3.140:  |h Superintendent of Documents classification  |i unmediated -- volume  |k 1955:Jan.  |m A14837686892 
952 f f |p serial  |a Texas A&M University  |b College Station  |c Sterling C. Evans Library  |d Evans: US Documents (Annex 5th floor)  |t 0  |e C 3.140:  |h Superintendent of Documents classification  |i unmediated -- volume  |k 1949:Oct.  |m A14837686460 
952 f f |p serial  |a Texas A&M University  |b College Station  |c Sterling C. Evans Library  |d Evans: US Documents (Annex 5th floor)  |t 0  |e C 3.140:  |h Superintendent of Documents classification  |i unmediated -- volume  |k 1951:Jan.  |m A14837686664 
952 f f |p serial  |a Texas A&M University  |b College Station  |c Sterling C. Evans Library  |d Evans: US Documents (Annex 5th floor)  |t 0  |e C 3.140:  |h Superintendent of Documents classification  |i unmediated -- volume  |k 1954:Apr.  |m A14837686973 
952 f f |p serial  |a Texas A&M University  |b College Station  |c Sterling C. Evans Library  |d Evans: US Documents (Annex 5th floor)  |t 0  |e C 3.140:  |h Superintendent of Documents classification  |i unmediated -- volume  |k 1951:July  |m A14837687131 
952 f f |p serial  |a Texas A&M University  |b College Station  |c Sterling C. Evans Library  |d Evans: US Documents (Annex 5th floor)  |t 0  |e C 3.140:  |h Superintendent of Documents classification  |i unmediated -- volume  |k 1950:Jan.  |m A14837686509 
952 f f |p serial  |a Texas A&M University  |b College Station  |c Sterling C. Evans Library  |d Evans: US Documents (Annex 5th floor)  |t 0  |e C 3.140:  |h Superintendent of Documents classification  |i unmediated -- volume  |k 1951:Oct.  |m A14837687181 
952 f f |p serial  |a Texas A&M University  |b College Station  |c Sterling C. Evans Library  |d Evans: US Documents (Annex 5th floor)  |t 0  |e C 3.140:  |h Superintendent of Documents classification  |i unmediated -- volume  |k 1953:Apr.  |m A14837687050 
952 f f |p serial  |a Texas A&M University  |b College Station  |c Sterling C. Evans Library  |d Evans: US Documents (Annex 5th floor)  |t 0  |e C 3.140:  |h Superintendent of Documents classification  |i unmediated -- volume  |k 1949:July  |m A14837686428 
998 f f |a C 3.140:  |s 1955:Jan.  |t 0  |l Evans: US Documents (Annex 5th floor)